00350cam a22001097a 4500008004000000082001700040100001800057245010300075260002800178300001000206650002400216180718b1947 xxu||||| |||| 00| 0 eng d aT000x42 F687 aFogarty, M.P. aPlan your own industries: a study of local and regional development organizationscby M.P. Fogarty aOxfordbBlackwellc1947 a320p. aEcon. Planning - UK